000 00973nas a2200253 4500
001 BR9207996
003 BR-BrBNA
005 20231205093052.0
007 ta
008 230509b bl.|||p| |||| 00| 00por d
040 _aBR-BrBNA
_bpor
_cBiblioteca Nacional de Agricultura
041 _a(Pt)
072 _aL53
100 1 _aBarbieri, G.
245 1 _aDinamica da reproducao e crescimento de Hoplias malabaricus (Bloch, 1794)(Osteichthyes, Erythrinidae)da represa do Monjolinho, Sao Carlos, Sao Paulo
246 1 _a[Reproduction dynamics and growth of Hoplias malabaricus (Bloch, 1794)(Osteichthyes, Erythrinidae)in Monjolinho reservoir, Sao Carlos, Sao Paulo state, Brazil!
650 _aTRAIRA
650 _aREPRODUCAO ANIMAL
650 _aCRESCIMENTO
650 _aSAO PAULO
773 0 _tRevista Brasileira de Zoologia (Brazil)
_xISSN 0101-8175
_g(Aug 1989), v. 6(2) p. 225-233
_wBR9207996
909 _a202311
_bLúcia
_c55
_dLúcia Elande
942 _2AGRIS
_n0
_cANA
999 _c136021
_d136021